Meranie vybraných výbuchových parametrov rozvírených prachov v závislosti od veľkosti častíc

Saved in:
Bibliographic Details
Main Author: Parák, Peter (Author)
Other Authors: Kuracina, Richard (Thesis advisor)
Format: Manuscript Book
Language:Slovak
Published: 2016
Subjects:
Online Access:http://is.stuba.sk/zp/portal_zp.pl?podrobnosti=118980
Tags: Add Tag
No Tags, Be the first to tag this record!

MARC

LEADER 00000ntm a22000003a 4500
001 stuzp58054
003 SK-STU
005 20160719155442.6
007 ta
008 150427s2015----xo-----f-mn---000-0-slo-d
040 |a STU  |b slo 
041 0 |a slo 
100 1 |a Parák, Peter  |u 065000  |k Z4  |4 aut  |U MTF Materiálovotechnologická fakulta  |T MTF Ústav integrovanej bezpečnosti  |X 45977  |U M5000  |Y 85  |7 A000045977 
242 0 1 |a The measurement of the particular explosive parameters of whirled up dust depending of particle size  |y eng 
245 1 0 |a Meranie vybraných výbuchových parametrov rozvírených prachov v závislosti od veľkosti častíc 
260 |c 2016 
650 4 |a výbuch  |2 slo 
650 4 |a prach  |2 slo 
650 4 |a merania prachu  |2 slo 
650 4 |a explosion  |2 eng 
650 4 |a dust  |2 eng 
650 4 |a measurement of the dust  |2 eng 
700 1 |a Kuracina, Richard  |u 065200  |k Z1  |4 ths  |U MTF Ústav integrovanej bezpečnosti  |T MTF Katedra bezpečnostného inžinierstva  |X 38282  |U M5200  |Y 192  |7 A000038282 
856 4 |u http://is.stuba.sk/zp/portal_zp.pl?podrobnosti=118980 
996 |c M* DP-12635  |l MMSKP  |s P  |a 0  |w stuzp58054_0001 
SQL |a stuzp58054  |b DDP  |c SLO  |d Meranie vybraných výbuchových parametrov rozvírených prachov v závislosti od veľkosti častíc  |e 45977  |f Parák, Peter  |g 065000  |h 38282  |i Kuracina, Richard  |j 20160601  |k 670  |l 06  |m http://is.stuba.sk/zp/portal_zp.pl?podrobnosti=118980  |n I-IBE  |o 8.3.5. bezpečnosť a ochrana zdravia pri práci